<The> Econometrics journal

Saved in:
Bibliographic Details
Format: Serial
Language:English
Published: Malden Blackwell Publ. 2006
Subjects:
Tags: Add Tag
No Tags, Be the first to tag this record!

MARC

LEADER 00000nas2a2200000$$$4500
001 0109334
005 20100126150528.3
022 |a 1368-4221 
041 0 |a eng 
044 |a US 
245 1 0 |a <The> Econometrics journal 
264 1 |a Malden  |b Blackwell Publ.  |c 2006 
773 0 |w eu_un_cat*0023537 
610 2 0 |a ekonometria 
610 2 0 |a modely ekonometrické 
610 2 0 |a metódy ekonometrické